000 00567nam a2200229Ia 4500
003 OSt
005 20220924151314.0
006 a|||||r|||| 00| 0
007 ta
008 220923b |||||||| |||| 00| 0 guj d
024 _a337072
037 _cTextual
040 _aARTS
_cARTS
_bguj
041 _2guj
_aguj
082 _aO156,3NUAx, K8
100 _aVasubaham
_9223988
245 0 _aDivsatara rali vahat
260 _c1968
650 _aGUJRATI FICTION
942 _hO156,3NUAx, K8
_cTEXL
_2CC
999 _c466136
_d466136